000 00775cam a2200193 i 4500
005 20260121124316.0
008 250721s2002 jo gr 000 0 ara d
082 1 4 _a339
_bد ب ا
100 1 _aالجومرد، أثيل عبد الجبار
_eمؤلف.
245 1 2 _aالمقدمة في الإقتصاد الكلي /
_cالدكتور اسامة بشير الدباغ, الدكتور اثيل عبد الجبار الجومرد.
250 _aالطبعة الاولى.
264 3 1 _aعمان :
_bدار المناهج،
_c2002.
300 _a516 صفحة.
650 1 7 _aالسياسه الاقتصاديه.
650 1 7 _aالاقتصاد الكلي.
700 1 _aالدباغ، أسامة بشير
_eمؤلف.
942 _2ddc
_cBK
999 _c88274
_d88274